Nové komunikačné nástroje podniku

Vzájomná komunikácia manažérov a zamestnancov ovplyvňuje ich výkon a sekundárne aj zisky podniku. Kvalita vnútropodnikovej komunikácie je podstatným a dôležitým faktorom dosahovania úspechu každej spoločnosti podniku. Virtuálna podniková komunikácia.

Enregistré dans:
Détails bibliographiques
Auteur principal: Vérffy, Michal
Format: Chapitre de livre
Langue:slovaque
Sujets:
Tags: Ajouter un tag
Pas de tags, Soyez le premier à ajouter un tag!

MARC

LEADER 00000naa$a2200000$$$4500
001 0094333
005 20240502072040.9
041 0 |a slo 
044 |a SK 
245 1 0 |a Nové komunikačné nástroje podniku  |c Michal Vérffy 
520 |a Vzájomná komunikácia manažérov a zamestnancov ovplyvňuje ich výkon a sekundárne aj zisky podniku. Kvalita vnútropodnikovej komunikácie je podstatným a dôležitým faktorom dosahovania úspechu každej spoločnosti podniku. Virtuálna podniková komunikácia. 
610 2 0 |a komunikácia elektronická 
610 2 0 |a komunikácia firemná 
610 2 0 |a manažéri 
610 2 0 |a zamestnanci 
100 1 |a Vérffy, Michal